01004nam a22002057a 450000500170000000700150001700800410003202000220007303500100009504000090010510000370011424501170015125600240026826000400029230000280033250602700036065000490063074000380067985600810071720240305165453.0cr|||| |||| 170926s2015 es |||||s|||| 00||0 spa d a978-84-16608-02-7 a20605 avLex1 aRamos Quintana, Margarita Isabel12aLa responsabilidad laboral de los grupos de empresash[Recurso electrónico] /cMargarita Isabel Ramos Quintana aServicio en línea aAlbacete:bEditorial Bomarzo,c2015 a1 recurso electrónico1 aDisponible solo en los productos indicadosdvLex GlobaldvLex Global (Academic Edition, excluding Law Schools)dvLex Global (U.S. Academic Edition, Law Schools)dvLex Global (U.S. Academic Edition, excluding Law Schools)dvLex Global (Academic Edition, Law Schools)04aDerecho Laboral y Seguridad SocialzEspaña0 avLex Libros (Servicio en línea)40uhttps://app.vlex.com/#/sources/responsabilidad-laboral-grupos-empresas-20605